<?xml version="1.0" encoding="UTF-8"?>
<record
    xmlns:xsi="http://www.w3.org/2001/XMLSchema-instance"
    xsi:schemaLocation="http://www.loc.gov/MARC21/slim http://www.loc.gov/standards/marcxml/schema/MARC21slim.xsd"
    xmlns="http://www.loc.gov/MARC21/slim">

  <leader>01147nam a22002177a 4500</leader>
  <controlfield tag="001">114675</controlfield>
  <controlfield tag="003">DR-UNIBE</controlfield>
  <controlfield tag="005">20260520150649.0</controlfield>
  <controlfield tag="008">260520b2025    dr ||||| |||| 00| 0 spa d</controlfield>
  <datafield tag="020" ind1=" " ind2=" ">
    <subfield code="a">9789945661071</subfield>
  </datafield>
  <datafield tag="040" ind1=" " ind2=" ">
    <subfield code="a">BIBLIOTECA UNIBE</subfield>
    <subfield code="c">BIBLIOTECA UNIBE</subfield>
    <subfield code="e">rda</subfield>
  </datafield>
  <datafield tag="041" ind1=" " ind2=" ">
    <subfield code="a">spa</subfield>
  </datafield>
  <datafield tag="082" ind1=" " ind2=" ">
    <subfield code="a">RD 972.9403 J27j</subfield>
  </datafield>
  <datafield tag="100" ind1=" " ind2=" ">
    <subfield code="a">James, C. L. R. </subfield>
    <subfield code="q">Cyril Lionel Robert</subfield>
    <subfield code="d">1901-1989</subfield>
    <subfield code="e">autor</subfield>
    <subfield code="9">205253</subfield>
  </datafield>
  <datafield tag="245" ind1="1" ind2="4">
    <subfield code="a">Los jacobinos negros : </subfield>
    <subfield code="b">Toussaint L'Ouverture y la revoluci&#xF3;n de Saint-Domingue / </subfield>
    <subfield code="c">C. L. R. James</subfield>
  </datafield>
  <datafield tag="260" ind1=" " ind2=" ">
    <subfield code="a">Santo Domingo : </subfield>
    <subfield code="b">Fondo de Cultura Econ&#xF3;mica, </subfield>
    <subfield code="c">2025</subfield>
  </datafield>
  <datafield tag="300" ind1=" " ind2=" ">
    <subfield code="a">369 p&#xE1;ginas</subfield>
  </datafield>
  <datafield tag="505" ind1=" " ind2=" ">
    <subfield code="a">La propiedad &#xA0;|
Los propietarios &#xA0;&#xA0;|
Parlamento y propiedad &#xA0;&#xA0;|
Comienzan las masas de Saint-Domingue &#xA0;&#xA0;|
Y terminan las masas de Par&#xED;s &#xA0;&#xA0;|
El ascenso de Toussaint &#xA0;&#xA0;|
Los mulatos lo intentan y fracasan &#xA0;&#xA0;|
Otra vez los amos blancos &#xA0;&#xA0;|
La expulsi&#xF3;n de los brit&#xE1;nicos &#xA0;&#xA0;|
Toussaint toma el poder |
El c&#xF3;nsul negro |
La burgues&#xED;a se prepara para restablecer la esclavitud |
La guerra de independencia |</subfield>
  </datafield>
  <datafield tag="700" ind1=" " ind2=" ">
    <subfield code="a">L&#xF3;pez Oceguera, Rosa</subfield>
    <subfield code="e">traductor</subfield>
    <subfield code="9">205254</subfield>
  </datafield>
  <datafield tag="942" ind1=" " ind2=" ">
    <subfield code="2">ddc</subfield>
    <subfield code="c">BK</subfield>
  </datafield>
  <datafield tag="999" ind1=" " ind2=" ">
    <subfield code="c">114675</subfield>
    <subfield code="d">114675</subfield>
  </datafield>
  <datafield tag="952" ind1=" " ind2=" ">
    <subfield code="0">0</subfield>
    <subfield code="1">0</subfield>
    <subfield code="2">ddc</subfield>
    <subfield code="7">0</subfield>
    <subfield code="8">GEN-RD</subfield>
    <subfield code="a">Principal</subfield>
    <subfield code="d">2026-05-20</subfield>
    <subfield code="l">0</subfield>
    <subfield code="o">RD 972.9403 J27j</subfield>
    <subfield code="p">260365</subfield>
    <subfield code="r">2026-05-20 15:07:39</subfield>
    <subfield code="t">Ej. 1</subfield>
    <subfield code="w">2026-05-20</subfield>
    <subfield code="y">BK</subfield>
  </datafield>
  <datafield tag="952" ind1=" " ind2=" ">
    <subfield code="0">0</subfield>
    <subfield code="1">0</subfield>
    <subfield code="2">ddc</subfield>
    <subfield code="7">0</subfield>
    <subfield code="8">GEN-RD</subfield>
    <subfield code="a">Principal</subfield>
    <subfield code="d">2026-05-20</subfield>
    <subfield code="l">0</subfield>
    <subfield code="o">RD 972.9403 J27j</subfield>
    <subfield code="p">260366</subfield>
    <subfield code="r">2026-05-20 15:08:11</subfield>
    <subfield code="t">Ej. 2</subfield>
    <subfield code="w">2026-05-20</subfield>
    <subfield code="y">BK</subfield>
  </datafield>
</record>
